Cerdo integrado + extranjero - Estadísticas

Estadísticas generales
  • Esta prueba ha sido intentada 32 veces
  • La puntuación promedio es 7 de 16
Estadísticas de respuestas
Imagen Respuesta % Correcto
landrace
80%
blanco belga
60%
duroc
60%
large white
60%
pietrain
60%
berkshire
40%
hampshire
40%
large black
40%
mangalica
40%
meishan
40%
Poland china
40%
tamworth
40%
vietnamita
40%
wessex saddleback
40%
spotted Poland
20%
duroc
0%
No se encontraron pruebas coincidentes
Distribución de puntuación
Porcentaje de gente con cada puntuación
Porcentaje por número respondido
Historial de tus puntuaciones
No has intentado esta prueba.